Posúdenie vplyvu degradačných laboratórnych skúšok na kamene pomocou optickej porozimetrie

Podrobná bibliografia
Hlavní autori: Durmeková, Tatiana (Author), Janega, Andrej (Author), Adamcová, Renáta (Author)
Médium: Článok
Jazyk:Slovak
Témy:
Zdroj: 1. Mineralia slovaca 1. Roč. 42, č. 2 (2010), s. 217-228 1. 0369-2086
LEADER 01029nab#a2200361#ar4500
001 000103401
003 SVKKK
005 20101221105149.0
008 080509c2010 xo |||||||||||||||b|slo
FMT
015 |a SNBRB2010/12 
038 |a SVKKK 
040 |a SVKKK  |b slo  |e AACR2 
041 0 |a slo  |b eng 
044 |a xo  |c SK 
080 |a 552.1  |2 1997 
080 |a 679.82  |2 1997 
100 1 |a Durmeková, Tatiana  |4 aut 
245 1 0 |a Posúdenie vplyvu degradačných laboratórnych skúšok na kamene pomocou optickej porozimetrie  |c Tatiana Durmeková, Andrej Janega, Renáta Adamcová 
300 |b Obr., tab. 
504 |a Bibliogr. odkazy 
546 |a Res. angl. 
650 0 4 |a prírodné a umelé kamene  |x optická porozimetria  |x degradačné skúšky 
700 1 |a Janega, Andrej  |4 aut 
700 1 |a Adamcová, Renáta  |4 aut 
773 0 |t Mineralia slovaca  |g Roč. 42, č. 2 (2010), s. 217-228  |x 0369-2086 
958 |a NB 
974 |a Ni 
992 |a RBX 
BAS
852 |a SVKKK  |b BIB 
EXP
998 |a GEO